000 00571cam a22002291 4500
001 ne 63001009
003 DLC
005 20260227111745.0
008 890622q19601963xx 000 0 ara
010 _ane 63001009
035 _a(OCoLC)23493567
040 _aDLC
_cMiU
_dDLC
042 _apremarc
043 _af-ua---
050 0 0 _aUA865
_b.M8
100 1 _aMursī, Sayyid ʻAbd al-Ḥamīd.
245 1 3 _aal-Jundīyah fī ẓill al-mīthāq.
260 _c[196-. 197- ]
300 _a43 p.
_c20 cm.
500 _aRomanized.
651 0 _aEgypt
_xArmed Forces.
999 _c45900
_d45900